[Event "Satu Mare Szabo Memorial"]
[Site "Satu Mare"]
[Date "2019.08.02"]
[Round "1"]
[White "Filip, Lucian Ioan"]
[Black "Sogor, Andras Csaba"]
[Result "1-0"]
[WhiteElo "2430"]
[BlackElo "1919"]
[PlyCount "39"]
[EventDate "2019.08.02"]
[EventType "swiss"]
[EventRounds "9"]
[EventCountry "ROU"]
[SourceTitle "CBM 191 Extra"]
[Source "ChessBase"]
[SourceDate "2019.09.30"]
[SourceVersion "1"]
[SourceVersionDate "2019.09.30"]
[SourceQuality "1"]

1. Nf3 Nf6 2. c4 e6 3. g3 d5 4. d4 Bb4+ 5. Bd2 a5 6. Bg2 0-0 7. 0-0 dxc4 8. Qc2 Nc6 9. Qxc4 Ne4 10. Bf4 g5 11. Be3 f5 12. a3 Be7 13. Nc3 Nd6 14. Qd3 f4 15. gxf4 gxf4 16. Bd2 Nf5 17. Bxf4 Nfxd4 18. Nxd4 Nxd4 19. Qg3+ Kh8 20. Bxc7 1-0

[Event "Satu Mare Toamna Cup"]
[Site "Satu Mare"]
[Date "2014.09.19"]
[Round "9"]
[White "Sogor, Andras Csaba"]
[Black "Florescu, Codrut Constantin"]
[Result "1/2-1/2"]
[WhiteElo "1992"]
[BlackElo "2191"]
[PlyCount "45"]
[EventDate "2014.09.15"]
[EventType "tourn"]
[EventRounds "9"]
[EventCountry "ROU"]
[EventCategory "2"]
[SourceTitle "EXT 2016"]
[Source "ChessBase"]
[SourceDate "2015.10.08"]
[SourceVersion "1"]
[SourceVersionDate "2015.10.08"]
[SourceQuality "1"]

1. e4 d5 2. exd5 Nf6 3. d4 Nxd5 4. Nf3 g6 5. c4 Nb6 6. Be2 Bg7 7. 0-0 0-0 8. Nc3 Bg4 9. Be3 Nc6 10. d5 Na5 11. Nd2 Bxe2 12. Qxe2 c6 13. dxc6 Nxc6 14. Nf3 Ne5 15. Rad1 Qc8 16. c5 Nbd7 17. Nd5 Re8 18. Rd2 e6 19. Nc3 b6 20. cxb6 axb6 21. Rfd1 Nc5 22. Nxe5 Bxe5 23. Bd4 1/2-1/2

[Event "Satu Mare Toamna Cup"]
[Site "Satu Mare"]
[Date "2014.09.17"]
[Round "5"]
[White "Bogdan, Dan"]
[Black "Sogor, Andras Csaba"]
[Result "1-0"]
[WhiteElo "2393"]
[BlackElo "1992"]
[PlyCount "85"]
[EventDate "2014.09.15"]
[EventType "tourn"]
[EventRounds "9"]
[EventCountry "ROU"]
[EventCategory "2"]
[SourceTitle "EXT 2016"]
[Source "ChessBase"]
[SourceDate "2015.10.08"]
[SourceVersion "1"]
[SourceVersionDate "2015.10.08"]
[SourceQuality "1"]

1. c4 Nf6 2. g3 g6 3. Bg2 Bg7 4. d4 0-0 5. Nf3 c5 6. 0-0 cxd4 7. Nxd4 Nc6 8. Nc3 Nxd4 9. Qxd4 d6 10. Qd3 a6 11. Bd2 Rb8 12. Rfd1 Bf5 13. e4 Be6 14. b3 Nd7 15. Rac1 Ne5 16. Qe2 b5 17. cxb5 axb5 18. Nd5 Rb7 19. Nb4 Bg4 20. f3 Be6 21. h3 Nd7 22. Be3 Re8 23. f4 Qa5 24. Nc6 Qa6 25. g4 Nc5 26. e5 Rd7 27. Bf2 Rc7 28. exd6 exd6 29. Rxd6 Qa3 30. Rxc5 Bf8 31. Qd2 Bxd6 32. Qxd6 Rd7 33. Qe5 f6 34. Qxf6 Rf7 35. Qd4 Qxa2 36. Ne5 Rff8 37. Rxb5 Qc2 38. Rb7 Rd8 39. Qa7 g5 40. Rg7+ Kh8 41. Ng6+ Qxg6 42. Rxg6 hxg6 43. Bd4+ 1-0

[Event "Satu Mare Toamna Cup"]
[Site "Satu Mare"]
[Date "2014.09.16"]
[Round "3"]
[White "Suciu, Dinu Simi"]
[Black "Sogor, Andras Csaba"]
[Result "1-0"]
[WhiteElo "2187"]
[BlackElo "1992"]
[PlyCount "79"]
[EventDate "2014.09.15"]
[EventType "tourn"]
[EventRounds "9"]
[EventCountry "ROU"]
[EventCategory "2"]
[SourceTitle "EXT 2016"]
[Source "ChessBase"]
[SourceDate "2015.10.08"]
[SourceVersion "1"]
[SourceVersionDate "2015.10.08"]
[SourceQuality "1"]

1. Nf3 Nf6 2. g3 g6 3. Bg2 Bg7 4. 0-0 0-0 5. d3 d5 6. Nbd2 c6 7. e4 dxe4 8. dxe4 Qc7 9. Qe2 e5 10. Nc4 Re8 11. a4 b6 12. Rd1 Ba6 13. Bf1 Nbd7 14. b3 Nc5 15. Nfd2 Rad8 16. Ba3 Ne6 17. Qe1 Nd4 18. Rac1 Bh6 19. c3 Ne6 20. Nd6 Bxf1 21. Nxe8 Nxe8 22. Kxf1 Nf6 23. f3 Qc8 24. Qe2 c5 25. Rb1 Ng5 26. Nc4 Qh3+ 27. Qg2 Qc8 28. Rxd8+ Qxd8 29. Qe2 Qe7 30. Rd1 Nh5 31. Bc1 Qf6 32. Rd6 Qe7 33. Qd1 Bf8 34. Kg2 Ne6 35. Rd7 Qf6 36. Rxa7 g5 37. Qd5 Bg7 38. Ra8+ Nf8 39. Qd8 Qg6 40. Qxg5 1-0

[Event "Hajduszoboszlo op 19th"]
[Site "Hajduszoboszlo"]
[Date "2014.06.28"]
[Round "6"]
[White "Sogor, Andras Csaba"]
[Black "Sos, Barnabas"]
[Result "1/2-1/2"]
[WhiteElo "2007"]
[BlackElo "1651"]
[PlyCount "76"]
[EventDate "2014.06.25"]
[EventType "swiss"]
[EventRounds "7"]
[EventCountry "HUN"]
[SourceTitle "CBM 161 Extra"]
[Source "ChessBase"]
[SourceDate "2014.08.29"]
[SourceVersion "1"]
[SourceVersionDate "2014.08.29"]
[SourceQuality "1"]

1. f4 e6 2. Nf3 d5 3. e3 Nf6 4. b3 c5 5. Bb2 Nc6 6. Bb5 Bd7 7. 0-0 Be7 8. d3 d4 9. e4 0-0 10. Bxc6 Bxc6 11. Qe2 Ng4 12. Nxd4 cxd4 13. Qxg4 f5 14. exf5 exf5 15. Qe2 Qd5 16. Nd2 Rae8 17. Qf3 Qxf3 18. Nxf3 Bxf3 19. Rxf3 Bf6 20. Kf1 Rc8 21. Rf2 Rc6 22. Re1 Rfc8 23. Ree2 b5 24. a3 a5 25. Ke1 b4 26. Kd1 Kf7 27. a4 Re8 28. Rxe8 Kxe8 29. Re2+ Kf7 30. h3 Re6 31. g4 Rxe2 32. Kxe2 g6 33. Kf3 h5 34. Bc1 Ke6 35. Bd2 Kd5 36. Be1 Be7 37. Bf2 Bd8 38. Be1 Be7 1/2-1/2

[Event "Lakitelek Magyarok op"]
[Site "Lakitelek"]
[Date "2011.08.07"]
[Round "2"]
[White "Sogor, Andras Csaba"]
[Black "Kukel, Imre"]
[Result "1/2-1/2"]
[WhiteElo "1911"]
[BlackElo "2000"]
[PlyCount "80"]
[EventDate "2011.08.06"]
[EventType "swiss"]
[EventRounds "9"]
[EventCountry "HUN"]
[SourceTitle "CBM 144 Extra"]
[Source "ChessBase"]
[SourceDate "2011.10.28"]
[SourceVersion "1"]
[SourceVersionDate "2011.10.28"]
[SourceQuality "1"]

1. e4 c5 2. c4 Nc6 3. Nc3 e6 4. g3 Nge7 5. Bg2 Nd4 6. Nge2 Nec6 7. 0-0 a6 8. Nxd4 Nxd4 9. Ne2 Nc6 10. d4 cxd4 11. Nxd4 Bc5 12. Nb3 Be7 13. Nd4 Qb6 14. Nxc6 dxc6 15. Qe2 e5 16. a3 Be6 17. Be3 Bc5 18. Bxc5 Qxc5 19. Rac1 a5 20. Rfd1 0-0 21. Bf1 Rad8 22. Rxd8 Rxd8 23. Rd1 Rd4 24. Rxd4 Qxd4 25. b4 axb4 26. axb4 b6 27. Qd3 c5 28. Qxd4 exd4 29. b5 g5 30. f4 gxf4 31. gxf4 Bg4 32. Kf2 Kg7 33. Kg3 Bd1 34. Bd3 f6 35. f5 h6 36. Kf4 Kf7 37. e5 Ke7 38. e6 Kd6 39. Ke4 h5 40. h4 Bg4 1/2-1/2